| 000 | 01119nmm a2200313 i 4500 | ||
|---|---|---|---|
| 001 | bg | ||
| 245 | 0 | 0 |
_aZiemia z nieba _h[Film]. _nCz. 1-2, _pLasy i ludzie / _crealiz. Pascal Sutro-Fourecode. |
| 260 |
_aŁódź : _bWytwórnia Pomocy Dydaktycznych, _c[2010?] |
||
| 300 |
_a1 płyta wiz. (DVD) (106 min) : _bdźw., kolor. ; _c12 cm. |
||
| 490 | 1 |
_aWideoteka Edukacyjna ; _v1038 |
|
| 500 | _aTyt. z etykiety na dysku. | ||
| 500 | _aPojemnik : 20x14x2 cm. | ||
| 500 | _aFilm przyrodniczy. | ||
| 546 | _aNarracja w jęz. fr., lektor w jęz. pol. | ||
| 650 | 4 | _aOchrona środowiska | |
| 650 | 4 | _aLasy | |
| 650 | 4 | _aFilm edukacyjny | |
| 700 | 1 |
_aSutro-Fourecode, Pascal. _eRealiz. |
|
| 830 | 0 |
_aWideoteka Edukacyjna ; _v1038 |
|
| 040 | _cBPK | ||
| 041 | 1 |
_apol _hfre |
|
| 044 | _aFRA | ||
| 080 | _a502/504 | ||
| 080 | _a630 | ||
| 080 | _a(086.82) | ||
| 942 | _cDVD | ||
| 008 | 110224s2010 pl d |000 0 pol | ||
| 999 |
_c41243 _d41243 |
||
| 856 |
_uhttp://koha.tu.koszalin.pl/cgi-bin/koha/opac-detail.pl?biblionumber=41243 _yKatalog online BPK |
||